Changes in organic carbon and some soil properties under rubber (Hevea brasiliensis) plantation in sub-tropical Tripura (Record no. 52205)

MARC details
000 -LEADER
fixed length control field 00646nam a2200193Ia 4500
100 ## - MAIN ENTRY--AUTHOR NAME
Personal name Mandal D
245 #0 - TITLE STATEMENT
Title Changes in organic carbon and some soil properties under rubber (Hevea brasiliensis) plantation in sub-tropical Tripura
260 ## - PUBLICATION, DISTRIBUTION, ETC. (IMPRINT)
Name of publisher PLACROSYM XIX, 7-10 December 2010, Kottayam. Climate Change. 19th Biennial Symposium on Plantation Crops. Abstracts.pp.120-121.
650 ## - SUBJECT ADDED ENTRY--TOPICAL TERM
Topical Term Organic carbon
650 ## - SUBJECT ADDED ENTRY--TOPICAL TERM
Topical Term Phosphorus
650 ## - SUBJECT ADDED ENTRY--TOPICAL TERM
Topical Term Potassium
650 ## - SUBJECT ADDED ENTRY--TOPICAL TERM
Topical Term Rubber growing soil
650 ## - SUBJECT ADDED ENTRY--TOPICAL TERM
Topical Term Tripura
700 ## - ADDED ENTRY--PERSONAL NAME
Personal name Dey S K
700 ## - ADDED ENTRY--PERSONAL NAME
Personal name Jacob J
700 ## - ADDED ENTRY--PERSONAL NAME
Personal name Pal T
942 ## - ADDED ENTRY ELEMENTS (KOHA)
Koha item type Bibliography STAF
Holdings
Withdrawn status Lost status Damaged status Not for loan Home library Current library Date acquired Koha item type
      Bibliography RRII Library RRII Library 02/02/2011 Bibliography STAF